000 00326 a2200157 4500
001 190564
020 _a978-0-19-479225-7
040 _cMagnum
100 _aBorder, Rosemary
240 1 0 _aGhost stories
_lING
245 1 0 _aGhost stories
300 _a104
362 0 _a2014
697 _aLITERATURA INGLESA
942 _cBK
999 _c190564
_d190564